10 pays les plus septentrionaux d'Asie - Statistiques

Statistiques générales
  • Ce quiz a été pris 45 fois
  • Le résultat moyen est 9 sur 10
Statistiques - réponses
latitude pays % Correct
45°31'N Japon
98%
52º09'N Mongolie
98%
43°00'N Corée du Nord
95%
81°51'N Russie
95%
53°34'N Chine
93%
55°43'N Kazakhstan
88%
45°36'N Ouzbékistan
86%
42°50'N Turkménistan
81%
43°16'N Kirghizistan
79%
41°53'N Azerbaïdjan
58%
Aucun quiz correspondant
Distribution des résultats
% des personnes avec chaque résultat
Percentile par nombre de réponses
Votre historique - résultats
Vous n’avez pas pris ce quiz